| 000 | nam a22 7a 4500 | ||
|---|---|---|---|
| 999 |
_c150501 _d150499 |
||
| 005 | 20190820133253.0 | ||
| 008 | 190820b mx ||||| |||| 00| 0 spa d | ||
| 020 | _a9687391014 | ||
| 050 | 0 | 4 |
_aKGF3053 _bM67 1994 |
| 100 | 1 | _aMora Ortega, Daniel. | |
| 245 | 1 | 0 |
_aDerecho procesal electoral _c/ Daniel Mora Ortega. |
| 250 | _a1a ed. | ||
| 260 |
_aMéxico : _bTriana Editores, _c1994. |
||
| 300 |
_a215 p. ; _c22 cm. |
||
| 650 | 4 |
_aDerecho electoral _zMéxico |
|
| 650 | 7 |
_2lemb _aElecciones _xLegislación _zMéxico |
|
| 942 |
_2lcc _cLIB |
||